zpět

Detail výsledku týmu

U Lucerny ČT, Brno

Datum a čas kvízu

34 Celkem bodů Celkový počet nahraných bodů na tomto kvízu bez doplňovacích otázek.
6. Pořadí na kvízu Konečné umístění týmu na tomto kvízu.

Zaznamenané odpovědi

# Otázka Odpověď Body Výsledky
1. Jak se jmenuje 56letý český da... Zbyšek Pantůček 1
2. Minulý týden oznámila 46letá p... v Itálii 1
3. Ve čtvrtek koncertoval v pražs... Louis Tomlinson, One Direction 1
4. Německý národní dopravce Deuts... Arriva 0
5. O víkendu padl v české nejvyšš... Zlín, Mladá Boleslav 1
6. V tomto tématu zabrousíme do č... Jana Nerudu 1
7. Drama Nabarvené ptáče z roku 2... Václav Marhoul 1
8. V roce 2022 přišel do kin film... jak se mám 0
9. Autorská dvojice Ladislav Pech... Dobří holubi se vracejí 1
10. Ptakopysk sice není pták, ale... Nejistá sezona 1